Guide to ship repair estimates (in man-hours) / (Record no. 3358)

000 -LEADER
fixed length control field 03772cam a2200457Ma 4500
006 - FIXED-LENGTH DATA ELEMENTS--ADDITIONAL MATERIAL CHARACTERISTICS--GENERAL INFORMATION
fixed length control field m o d
007 - PHYSICAL DESCRIPTION FIXED FIELD--GENERAL INFORMATION
fixed length control field cr cn|||||||||
008 - FIXED-LENGTH DATA ELEMENTS--GENERAL INFORMATION
fixed length control field 120510s2012 ne a ob 001 0 eng d
020 ## - INTERNATIONAL STANDARD BOOK NUMBER
International Standard Book Number 9780080982625
Qualifying information (electronic bk.)
020 ## - INTERNATIONAL STANDARD BOOK NUMBER
International Standard Book Number 008098262X
Qualifying information (electronic bk.)
020 ## - INTERNATIONAL STANDARD BOOK NUMBER
International Standard Book Number 9780080982809
Qualifying information (electronic bk.)
020 ## - INTERNATIONAL STANDARD BOOK NUMBER
International Standard Book Number 0080982808
Qualifying information (electronic bk.)
040 ## - CATALOGING SOURCE
Original cataloging agency IMU Kochi Library
Language of cataloging eng
041 0# - LANGUAGE CODE
Language code of text/sound track or separate title eng
082 04 - DEWEY DECIMAL CLASSIFICATION NUMBER
Classification number 623.8/3
Edition number 22
084 ## - OTHER CLASSIFICATION NUMBER
Classification number 55.49
Source of number bcl
100 1# - MAIN ENTRY--PERSONAL NAME
Personal name Butler, Don.
245 10 - TITLE STATEMENT
Title Guide to ship repair estimates (in man-hours) /
250 ## - EDITION STATEMENT
Edition statement 2nd ed.
260 ## - PUBLICATION, DISTRIBUTION, ETC. (IMPRINT)
Place of publication, distribution, etc Amsterdam ;
-- Boston :
Name of publisher, distributor, etc Elsevier/Butterworth-Heinemann,
Date of publication, distribution, etc 2012.
300 ## - PHYSICAL DESCRIPTION
Extent 1 online resource (xi, 122 pages) :
Other physical details illustrations
490 0# - SERIES STATEMENT
Series statement Marine engineering
504 ## - BIBLIOGRAPHY, ETC. NOTE
Bibliography, etc Includes bibliographical references and index.
520 ## - SUMMARY, ETC.
Summary, etc Expert ship surveyor Don Butler shares a lifetime's ship repair costing experience in this unique resource for accurate cost estimation and planning Includes hard to come by information on typical ship repair labor expectations for accurate man-hour forecasting and cost estimation Produced for marine engineers and marine industry professionals to aid with repair specification and negotiation, helping you to plan work and budgets more reliably Uses man-hours as opposed to particular rates or currencies, providing a long-term model for pricing regardless of location, rate fluctuation or inflation Bringing together otherwise scattered details on specific repair and dry-docking activities, this invaluable guide will save you time and improve the accuracy of your ship repair estimates. Don't plan or commission work without it! Don Butler is a fellow of the Institute of Marine Engineers and a member of Society of Consulting Marine Engineers and Ship Surveyors, UK. Made up of very hard to come by information on typical ship repair labor expectations for accurate man-hour forecasting and cost estimationProduced for marine engineers and marine industry professionals to save time, aid in repair negotiation and help companies to plan more reliablyMan-hour listings assist in long-term pricing, meaning the book content remains valid regardless of currency, rate fluctuation or inflation.
505 0# - FORMATTED CONTENTS NOTE
Formatted contents note Front Cover; A Guide to Ship Repair Estimatesin Man-hours; Copyright; Contents; List of figures; List of tables; Chapter 1- Introduction; Chapter 2 -- Drydocking works; Docking and undocking; Dock rent per day; Hull preparation; Hull painting; Rudder works; Propeller works; Tailshaft works; Anodes; Sea chests; Docking plugs; Valves; Fenders; Anchors and cables; Chain lockers; Staging; Chapter3 -- Steel works; Calculation of steel weights; Chapter 4 -Pipe works; Chapter5 -- Mechanical works; Overhauling diesel engines (single-acting, slow-running, in-line, four-stroke, trunk type); Valves.
505 0# - FORMATTED CONTENTS NOTE
Formatted contents note CondensersHeat exchangers; Turbines; Compressors; Receivers; Pumps; Boilers (main and auxiliary); Chapter 6- Electrical works; Chapter 7- General works; Chapter 8 -- Planning charts; Sample graph loadings for major trades in ship repairing; Index.
650 #0 - SUBJECT ADDED ENTRY--TOPICAL TERM
Topical term or geographic name as entry element Ships
General subdivision Maintenance and repair
-- Estimates.
650 #0 - SUBJECT ADDED ENTRY--TOPICAL TERM
Topical term or geographic name as entry element Shipyards
General subdivision Management.
650 #6 - SUBJECT ADDED ENTRY--TOPICAL TERM
Topical term or geographic name as entry element Navires
General subdivision Entretien et r�eparations
-- Devis estimatifs.
650 #6 - SUBJECT ADDED ENTRY--TOPICAL TERM
Topical term or geographic name as entry element Chantiers navals
General subdivision Gestion.
650 #7 - SUBJECT ADDED ENTRY--TOPICAL TERM
Topical term or geographic name as entry element Shipyards
General subdivision Management.
Source of heading or term fast
852 ## - LOCATION/CALL NUMBER
Location IMU Kochi Library
856 ## - ELECTRONIC LOCATION AND ACCESS
Uniform Resource Identifier <a href="http://www.sciencedirect.com/science/book/9780080982625">http://www.sciencedirect.com/science/book/9780080982625</a>
904 ## - LOCAL DATA ELEMENT D, LDD (RLIN)
CATALOGER Rudra Ranjan
905 ## - LOCAL DATA ELEMENT E, LDE (RLIN)
VERIFIER Rudra Ranjan
942 ## - ADDED ENTRY ELEMENTS (KOHA)
Item type E-Book
338 ## -
-- online resource
650 #6 - SUBJECT ADDED ENTRY--TOPICAL TERM
-- (CaQQLa)201-0085179
-- (CaQQLa)201-0085179
-- (CaQQLa)201-0374098
650 #6 - SUBJECT ADDED ENTRY--TOPICAL TERM
-- (CaQQLa)201-0034420
-- (CaQQLa)201-0380063
650 #7 - SUBJECT ADDED ENTRY--TOPICAL TERM
-- (OCoLC)fst01116663

No items available.



Copyright © All Rights Reserved by Indian Maritime University, Kochi Campus.
For any Suggestions/Query Contact to library or Email: library.kochi@imu.ac.in Ph:(0484)-2989402
(Web OPAC Designed by Rudra Ranjan. Maintained by IMU Kochi Library)

Powered by Koha